| 000 | 00473nam a2200181 a 4500 | ||
|---|---|---|---|
| 001 | 5927 | ||
| 003 | CO-ViMGA | ||
| 008 | 141112s2004 ck r 000 u spa d | ||
| 040 |
_aCO-ViMGA _bspa _cCO-ViMGA |
||
| 082 | 0 | 4 | _a631.7 M324 |
| 100 | 1 |
_aMedina San Juan, Jose A _94530 |
|
| 245 | 1 | 0 |
_aRiego por goteo : _bteoría y práctica |
| 250 | _a4a | ||
| 260 |
_aMadrid : _bMundi - Prensa, _c1997 |
||
| 300 | _a302 p : il | ||
| 650 | 1 | 4 |
_aRIEGO POR GOTEO _94531 |
| 942 |
_2ddc _cBK |
||
| 999 |
_c17903 _d17903 |
||